[Event "VIE-chT"]
[Site "Hanoi"]
[Date "2023.04.18"]
[Round "1"]
[White "Truong, Tuan Kiet"]
[Black "Vu, Quang Quyen"]
[Result "1/2-1/2"]
[WhiteElo "1955"]
[BlackElo "2003"]
[PlyCount "84"]
[EventDate "2023.04.18"]
[EventType "swiss"]
[EventRounds "9"]
[EventCountry "VIE"]
[SourceTitle "EXT 2024"]
[Source "ChessBase"]
[SourceDate "2023.10.10"]
[SourceVersion "1"]
[SourceVersionDate "2023.10.10"]
[SourceQuality "1"]

1. c4 e5 2. Nc3 Nc6 3. Nf3 Nf6 4. d3 h6 5. g3 Bb4 6. a3 Bxc3+ 7. bxc3 0-0 8. Bg2 e4 9. Nd4 exd3 10. exd3 Re8+ 11. Be3 Nxd4 12. cxd4 d5 13. 0-0 Be6 14. Qc2 Qd7 15. Rfe1 c6 16. a4 Re7 17. Qc3 Rae8 18. Bd2 Bh3 19. Bh1 Qf5 20. Rxe7 Rxe7 21. Re1 Rxe1+ 22. Bxe1 Qe6 23. Bf3 Bg4 24. Bg2 Qe2 25. Qd2 dxc4 26. Qxe2 Bxe2 27. dxc4 Bxc4 28. a5 Bd5 29. Bf1 Bf3 30. Bb4 g5 31. h3 Kg7 32. Bd3 Be4 33. Be2 a6 34. f3 Bf5 35. h4 Nd5 36. Bd2 f6 37. hxg5 fxg5 38. Bc4 Kf6 39. Bxd5 cxd5 40. g4 Bc2 41. Kf2 Bd1 42. Kg3 Be2 1/2-1/2

[Event "VIE-chT"]
[Site "Hanoi"]
[Date "2023.04.18"]
[Round "2"]
[White "Vu, Quang Quyen"]
[Black "Hoang, Canh Huan"]
[Result "1-0"]
[WhiteElo "2003"]
[BlackElo "2382"]
[PlyCount "109"]
[EventDate "2023.04.18"]
[EventType "swiss"]
[EventRounds "9"]
[EventCountry "VIE"]
[SourceTitle "EXT 2024"]
[Source "ChessBase"]
[SourceDate "2023.10.10"]
[SourceVersion "1"]
[SourceVersionDate "2023.10.10"]
[SourceQuality "1"]

1. e4 c5 2. Nc3 Nc6 3. Bb5 g6 4. Nge2 Bg7 5. d3 Nd4 6. Bc4 e6 7. Nxd4 cxd4 8. Ne2 Ne7 9. Bg5 h6 10. Bxe7 Qxe7 11. 0-0 0-0 12. f4 f5 13. exf5 gxf5 14. Qd2 b6 15. a4 Bb7 16. a5 Bc6 17. axb6 axb6 18. b4 Kh7 19. Ng3 b5 20. Bb3 Rg8 21. Rxa8 Bxa8 22. Nxf5 exf5 23. Bxg8+ Kxg8 24. Re1 Qf7 25. Re2 Bc6 26. Qe1 Bf6 27. Qg3+ Kh7 28. Qh3 Qg6 29. Kf2 Kg7 30. Kf1 Kf7 31. Re1 h5 32. Kf2 h4 33. Kf1 Qh5 34. Kf2 Be7 35. Rg1 Bxb4 36. g4 fxg4 37. Rxg4 Be7 38. Rg1 Qc5 39. Re1 Bf6 40. Re2 Qh5 41. Re1 b4 42. Re2 Bh8 43. Ke1 Bg7 44. Kf2 Bf6 45. Re1 Qd5 46. Re2 Qh5 47. Re1 Qg6 48. Rg1 Qh6 49. Qf5 Ke7 50. Rg6 Qf8 51. Qc5+ Ke8 52. Qxf8+ Kxf8 53. Rxf6+ Ke7 54. Rh6 Bb5 55. Rxh4 1-0

[Event "VIE-ch"]
[Site "Ho Chi Minh City"]
[Date "2021.03.30"]
[Round "9"]
[White "Vu, Quang Quyen"]
[Black "Nguyen, Vuong Tung Lam"]
[Result "0-1"]
[WhiteElo "2057"]
[BlackElo "1612"]
[PlyCount "52"]
[EventDate "2021.03.24"]
[EventType "swiss"]
[EventRounds "9"]
[EventCountry "VIE"]
[SourceTitle "EXT 2022"]
[Source "ChessBase"]
[SourceDate "2021.10.06"]
[SourceVersion "1"]
[SourceVersionDate "2021.10.06"]
[SourceQuality "1"]

1. e4 c5 2. Nc3 Nc6 3. f4 g6 4. Nf3 Bg7 5. Bc4 d6 6. 0-0 Nf6 7. d3 0-0 8. a4 e6 9. Ba2 a6 10. Qe1 Rb8 11. Qh4 Nd7 12. Qh3 Re8 13. f5 Nd4 14. Bh6 Nxf3+ 15. Rxf3 Ne5 16. Rf4 exf5 17. Bxg7 Kxg7 18. Raf1 Qg5 19. g3 Be6 20. exf5 Bxf5 21. Qg2 Be6 22. Bd5 Qe7 23. Rf6 Ng4 24. Rxf7+ Bxf7 25. Rxf7+ Qxf7 26. Bxf7 Re1+ 0-1

[Event "VIE-ch"]
[Site "Ho Chi Minh City"]
[Date "2021.03.27"]
[Round "5"]
[White "Vu, Quang Quyen"]
[Black "Nguyen, Nam Kiet"]
[Result "1-0"]
[WhiteElo "2057"]
[BlackElo "1476"]
[PlyCount "83"]
[EventDate "2021.03.24"]
[EventType "swiss"]
[EventRounds "9"]
[EventCountry "VIE"]
[SourceTitle "EXT 2022"]
[Source "ChessBase"]
[SourceDate "2021.10.06"]
[SourceVersion "1"]
[SourceVersionDate "2021.10.06"]
[SourceQuality "1"]

1. e4 e5 2. Nf3 Nc6 3. Bb5 a6 4. Ba4 Nf6 5. 0-0 Be7 6. Re1 b5 7. Bb3 0-0 8. a4 Bb7 9. Nc3 b4 10. Nd5 d6 11. c3 a5 12. d4 bxc3 13. bxc3 Ba6 14. Nxf6+ Bxf6 15. Bd5 Qd7 16. Bg5 Bxg5 17. Nxg5 h6 18. Nf3 exd4 19. cxd4 Rab8 20. Re3 Nb4 21. Bb3 Qe7 22. Rc1 c5 23. e5 cxd4 24. Qxd4 dxe5 25. Rxe5 Qb7 26. Bd5 Qb6 27. Qxb6 Rxb6 28. Be4 Bd3 29. g3 Na2 30. Ra1 Bxe4 31. Rxe4 Rb4 32. Rd4 Nc3 33. Rxb4 axb4 34. Nd4 Rb8 35. Nb3 Rd8 36. a5 Ne2+ 37. Kf1 Nd4 38. Rd1 Nc6 39. Rxd8+ Nxd8 40. Nd4 Nc6 41. a6 Na7 42. Ke2 1-0

[Event "VIE-ch op"]
[Site "Hanoi"]
[Date "2020.11.29"]
[Round "9"]
[White "Lu, Chan Hung"]
[Black "Vu, Quang Quyen"]
[Result "0-1"]
[WhiteElo "2335"]
[BlackElo "2329"]
[PlyCount "72"]
[EventDate "2020.11.23"]
[EventType "swiss"]
[EventRounds "9"]
[EventCountry "VIE"]
[SourceTitle "CBM 199 Extra"]
[Source "ChessBase"]
[SourceDate "2021.01.31"]
[SourceVersion "1"]
[SourceVersionDate "2021.01.31"]
[SourceQuality "1"]

1. c4 Nf6 2. g3 g6 3. Bg2 Bg7 4. Nc3 0-0 5. d3 c6 6. e4 d6 7. Nge2 Bg4 8. h3 Bxe2 9. Qxe2 Nbd7 10. 0-0 e5 11. Kh2 Nh5 12. Rb1 Qe8 13. b4 f5 14. b5 f4 15. bxc6 bxc6 16. Bf3 Bh6 17. Ba3 Rf6 18. Rb7 fxg3+ 19. fxg3 Qf7 20. Bg2 Rxf1 21. Qxf1 Qe7 22. Bf3 Rf8 23. Qe2 Rf7 24. Nd1 Qg5 25. Bxh5 gxh5 26. h4 Qg6 27. Rxa7 Bf4 28. Ra8+ Kg7 29. Qg2 Bh6 30. Qh3 Nf6 31. Qc8 Bd2 32. Nf2 Kh6 33. Bxd6 Nd7 34. Qxd7 Rxd7 35. Bf8+ Rg7 36. g4 Qf7 0-1

[Event "VIE-ch op"]
[Site "Hanoi"]
[Date "2020.11.27"]
[Round "7"]
[White "Vu, Quang Quyen"]
[Black "Lam, Duc Hai Nam"]
[Result "1/2-1/2"]
[WhiteElo "2329"]
[BlackElo "2317"]
[PlyCount "42"]
[EventDate "2020.11.23"]
[EventType "swiss"]
[EventRounds "9"]
[EventCountry "VIE"]
[SourceTitle "CBM 199 Extra"]
[Source "ChessBase"]
[SourceDate "2021.01.31"]
[SourceVersion "1"]
[SourceVersionDate "2021.01.31"]
[SourceQuality "1"]

1. e4 c5 2. c3 d5 3. exd5 Qxd5 4. d4 Nc6 5. Nf3 Bf5 6. Be3 0-0-0 7. Be2 cxd4 8. cxd4 Bxb1 9. Qxb1 e6 10. 0-0 Nf6 11. Rc1 Kb8 12. b4 Bd6 13. b5 Ne7 14. Ng5 Rdf8 15. a4 h6 16. b6 a6 17. Bf3 Qf5 18. Be4 Qg4 19. Bf3 Qf5 20. Be4 Qg4 21. Bf3 Qf5 1/2-1/2

[Event "VIE-ch op"]
[Site "Hanoi"]
[Date "2020.11.24"]
[Round "3"]
[White "Tran, Quoc Dung"]
[Black "Vu, Quang Quyen"]
[Result "0-1"]
[WhiteElo "2342"]
[BlackElo "2329"]
[PlyCount "69"]
[EventDate "2020.11.23"]
[EventType "swiss"]
[EventRounds "9"]
[EventCountry "VIE"]
[SourceTitle "CBM 199 Extra"]
[Source "ChessBase"]
[SourceDate "2021.01.31"]
[SourceVersion "1"]
[SourceVersionDate "2021.01.31"]
[SourceQuality "1"]

1. d4 Nf6 2. c4 g6 3. Nc3 d5 4. Bg5 Ne4 5. Bh4 Nxc3 6. bxc3 Bg7 7. e3 c5 8. Nf3 Nc6 9. cxd5 Qxd5 10. Be2 0-0 11. 0-0 Bf5 12. Nd2 cxd4 13. cxd4 e5 14. Bc4 Qd7 15. d5 Na5 16. Re1 Nxc4 17. Nxc4 Be4 18. d6 Rfc8 19. Rc1 b5 20. Nd2 Bd5 21. Nb3 Rxc1 22. Nxc1 Bc4 23. Qd2 Bf8 24. Rd1 Re8 25. Bg3 Re6 26. Qc3 Rxd6 27. Rxd6 Qxd6 28. h4 Bg7 29. Kh2 f5 30. h5 g5 31. f3 f4 32. Be1 e4 33. Qd2 Be5 34. Qxd6 Bxd6 35. exf4 0-1

[Event "Titled Tuesday intern op 30th June"]
[Site "Chess.com INT"]
[Date "2020.06.30"]
[Round "7"]
[White "Vu, Quang Quyen"]
[Black "Manush, Shah"]
[Result "1-0"]
[WhiteElo "2057"]
[BlackElo "2324"]
[PlyCount "173"]
[EventDate "2020.06.30"]
[EventType "swiss (blitz)"]
[EventRounds "10"]
[EventCountry "USA"]
[SourceTitle "CBM 197 Extra"]
[Source "ChessBase"]
[SourceDate "2020.09.30"]
[SourceVersion "1"]
[SourceVersionDate "2020.09.30"]
[SourceQuality "1"]

1. e4 c6 2. d4 d5 3. Nd2 dxe4 4. Nxe4 Bf5 5. Ng3 Bg6 6. h4 h6 7. h5 Bh7 8. Bd3 Bxd3 9. Qxd3 Nf6 10. Nf3 e6 11. Bf4 Qa5+ 12. c3 Qa6 13. Qxa6 Nxa6 14. 0-0 Nd5 15. Bd2 Be7 16. Ne5 0-0 17. f4 c5 18. f5 cxd4 19. cxd4 Rad8 20. Rae1 Bh4 21. Kh2 exf5 22. Rxf5 Ne7 23. Rf2 Rxd4 24. Bc3 Rd5 25. Re4 Bf6 26. Rxf6 gxf6 27. Ng4 Rg5 28. Nxf6+ Kg7 29. Rxe7 Rc8 30. Nfe4+ Rxc3 31. Rxb7 Rcxg3 32. Nxg3 Nc5 33. Rxa7 Ne6 34. b4 Nd4 35. a4 Nc6 36. Rb7 Rg4 37. Nf5+ Kf6 38. Nxh6 Rh4+ 39. Kg3 Rxh5 40. Nxf7 Nxb4 41. Rxb4 Kxf7 42. Kf3 Ke6 43. g4 Rc5 44. Kf4 Kf6 45. Rb6+ Ke7 46. Rb5 Rc4+ 47. Kf5 Rxa4 48. g5 Ra1 49. Kg6 Ra6+ 50. Kg7 Ra2 51. Re5+ Kd6 52. Re1 Kd7 53. g6 Rg2 54. Kf7 Rf2+ 55. Kg8 Rg2 56. g7 Rg3 57. Re5 Rf3 58. Rh5 Ke7 59. Kh7 Rg3 60. g8Q Rxg8 61. Kxg8 Kf6 62. Kf8 Ke6 63. Rh6+ Kf5 64. Kf7 Ke5 65. Ra6 Kd5 66. Ke7 Ke5 67. Ra5+ Kd4 68. Kd6 Ke4 69. Rb5 Kf4 70. Ke6 Ke4 71. Rb4+ Ke3 72. Rh4 Kd3 73. Ra4 Ke3 74. Kd5 Kd3 75. Ra3+ Ke2 76. Kc4 Kf2 77. Rb3 Ke2 78. Kd4 Kf2 79. Ke4 Kg2 80. Kf4 Kh2 81. Kg4 Kg1 82. Rb2 Kf1 83. Kf3 Ke1 84. Rh2 Kd1 85. Ke3 Kc1 86. Kd3 Kd1 87. Rh1# 1-0

[Event "Titled Tuesday intern op 28th Apr"]
[Site "Chess.com INT"]
[Date "2020.04.28"]
[Round "8"]
[White "Amanov, Zhanibek"]
[Black "Vu, Quang Quyen"]
[Result "1-0"]
[WhiteElo "2338"]
[BlackElo "2057"]
[PlyCount "79"]
[EventDate "2020.04.28"]
[EventType "swiss (blitz)"]
[EventRounds "10"]
[EventCountry "USA"]
[SourceTitle "CBM 195 Extra"]
[Source "ChessBase"]
[SourceDate "2020.05.31"]
[SourceVersion "1"]
[SourceVersionDate "2020.05.31"]
[SourceQuality "1"]

1. e4 c5 2. Nf3 d6 3. d4 cxd4 4. Nxd4 Nf6 5. f3 g6 6. c4 Bg7 7. Nc3 0-0 8. Be3 Nc6 9. Qd2 Bd7 10. Be2 Rc8 11. 0-0 a6 12. Rac1 Nxd4 13. Bxd4 Bc6 14. Rfd1 Nd7 15. Be3 Qc7 16. b4 Nf6 17. a4 Bd7 18. a5 Be6 19. Nd5 Bxd5 20. exd5 Qd7 21. Bf1 h5 22. Re1 Qa4 23. g3 Rfe8 24. Bh3 Qb3 25. Bxc8 Rxc8 26. Rb1 Qa4 27. Rec1 Nd7 28. Bd4 Ne5 29. Bxe5 Bxe5 30. Kg2 Qa3 31. Qe2 Bc3 32. Qd3 Bxb4 33. Qxa3 Bxa3 34. Rc3 Rc7 35. Rxa3 Rxc4 36. Rxb7 Kf8 37. Re3 e5 38. dxe6 fxe6 39. Rxe6 Rc2+ 40. Kh3 1-0

[Event "Titled Tuesday intern op 28th Apr"]
[Site "Chess.com INT"]
[Date "2020.04.28"]
[Round "3"]
[White "Dukic, Zachary"]
[Black "Vu, Quang Quyen"]
[Result "0-1"]
[WhiteElo "2149"]
[BlackElo "2057"]
[PlyCount "98"]
[EventDate "2020.04.28"]
[EventType "swiss (blitz)"]
[EventRounds "10"]
[EventCountry "USA"]
[SourceTitle "CBM 195 Extra"]
[Source "ChessBase"]
[SourceDate "2020.05.31"]
[SourceVersion "1"]
[SourceVersionDate "2020.05.31"]
[SourceQuality "1"]

1. e4 c5 2. Nf3 d6 3. d4 cxd4 4. Nxd4 Nf6 5. Nc3 g6 6. Be3 Bg7 7. f3 0-0 8. Qd2 Nc6 9. Bc4 a6 10. 0-0-0 Na5 11. Bb3 Qc7 12. h4 Nxb3+ 13. cxb3 h5 14. Kb1 b5 15. Rc1 Qb7 16. g4 hxg4 17. h5 e5 18. Nde2 gxf3 19. Ng3 Bg4 20. Bh6 b4 21. Nd5 Nxd5 22. Bxg7 Nf4 23. Bxf8 Rxf8 24. hxg6 fxg6 25. Qxd6 Qb5 26. Rh8+ Kxh8 27. Qxf8+ Kh7 28. Rc7+ Bd7 29. Qf7+ Kh6 30. Qxd7 Qxd7 31. Rxd7 Kg5 32. Rd6 Kh4 33. Nf1 g5 34. Rxa6 g4 35. Nd2 Kg3 36. a3 Nd3 37. axb4 Nxb4 38. Ra4 Nd3 39. b4 Kf2 40. b5 g3 41. Ra3 g2 42. Rxd3 g1Q+ 43. Kc2 Ke2 44. Nxf3 Qc5+ 45. Rc3 Qxb5 46. Nd2 Qa4+ 47. Nb3 Qxe4+ 48. Kc1 Qh1+ 49. Kc2 Qd1# 0-1

[Event "Titled Tuesday intern op 28th Apr"]
[Site "Chess.com INT"]
[Date "2020.04.28"]
[Round "1"]
[White "Migot, Tangi"]
[Black "Vu, Quang Quyen"]
[Result "1-0"]
[WhiteElo "2351"]
[BlackElo "2057"]
[PlyCount "107"]
[EventDate "2020.04.28"]
[EventType "swiss (blitz)"]
[EventRounds "10"]
[EventCountry "USA"]
[SourceTitle "EXT 2021"]
[Source "ChessBase"]
[SourceDate "2020.10.23"]
[SourceVersion "1"]
[SourceVersionDate "2020.10.23"]
[SourceQuality "1"]

1. Nf3 Nf6 2. g3 g6 3. Bg2 Bg7 4. 0-0 0-0 5. d4 d5 6. a4 Bf5 7. a5 c5 8. dxc5 Na6 9. Be3 Qc7 10. Nd4 Bd7 11. Nb3 Bc6 12. c3 Ng4 13. Bf4 e5 14. Bg5 h6 15. Bd2 Rad8 16. Qc1 Kh7 17. h3 Nf6 18. Be3 Bb5 19. Re1 Bc4 20. N1d2 Nd7 21. Nxc4 dxc4 22. Nd2 Ndxc5 23. Qc2 Ne6 24. Ra4 Rd7 25. Bxa7 Nec5 26. Bb6 Qd6 27. Nxc4 Qe6 28. Bxc5 Nxc5 29. Nb6 Nxa4 30. Nxd7 Qxd7 31. b4 b5 32. axb6 Nxb6 33. c4 Rc8 34. c5 Nd5 35. Qd2 Rd8 36. Rd1 Nf6 37. Qxd7 Rxd7 38. Rb1 Bf8 39. c6 Rd2 40. b5 Rc2 41. b6 Bd6 42. Rd1 Ne8 43. b7 Rb2 44. h4 Kg7 45. h5 Kf6 46. hxg6 fxg6 47. Rd3 Ke7 48. Bd5 Kd8 49. e4 Kc7 50. Rf3 Rd2 51. Rf7+ Kb8 52. Rh7 Nc7 53. Rh8+ Ka7 54. b8Q+ 1-0

[Event "VIE-ch"]
[Site "Ho Chi Minh City"]
[Date "2019.05.09"]
[Round "9"]
[White "Tong, Thai Hung"]
[Black "Vu, Quang Quyen"]
[Result "1/2-1/2"]
[WhiteElo "2202"]
[BlackElo "2057"]
[PlyCount "71"]
[EventDate "2019.05.02"]
[EventType "swiss"]
[EventRounds "9"]
[EventCountry "VIE"]
[SourceTitle "CBM 190 Extra"]
[Source "ChessBase"]
[SourceDate "2019.07.15"]
[SourceVersion "1"]
[SourceVersionDate "2019.07.15"]
[SourceQuality "1"]

1. d4 c5 2. d5 Nf6 3. c4 b5 4. cxb5 a6 5. b6 Qxb6 6. Nc3 g6 7. e4 d6 8. Nf3 Bg7 9. Bd3 0-0 10. 0-0 Bg4 11. a4 Nbd7 12. Be2 Rfc8 13. a5 Qb7 14. Nd2 Bxe2 15. Qxe2 Ne8 16. Nc4 Nc7 17. Bg5 Re8 18. Rfb1 Nb5 19. Qd3 Rab8 20. Na4 Ne5 21. Nxe5 Bxe5 22. Nb6 Bg7 23. h4 e6 24. Ra4 exd5 25. Nxd5 Re6 26. Rc4 Bd4 27. b4 Rbe8 28. bxc5 dxc5 29. Rxd4 cxd4 30. f3 Qc6 31. Rc1 Qd6 32. Qc4 Kg7 33. Nf4 Re5 34. Nd3 R5e6 35. Nf4 Re5 36. Nd3 1/2-1/2

[Event "VIE-ch"]
[Site "Bac Giang"]
[Date "2017.11.26"]
[Round "5"]
[White "Vu, Quang Quyen"]
[Black "Nguyen, Van Toan Thanh"]
[Result "1/2-1/2"]
[WhiteElo "2069"]
[BlackElo "2039"]
[PlyCount "36"]
[EventDate "2017.11.23"]
[EventType "swiss"]
[EventRounds "9"]
[EventCountry "VIE"]
[SourceTitle "CBM 181 Extra"]
[Source "ChessBase"]
[SourceDate "2017.12.12"]
[SourceVersion "1"]
[SourceVersionDate "2017.12.12"]
[SourceQuality "1"]

1. e4 c5 2. Nc3 Nc6 3. f4 d6 4. Nf3 g6 5. Bc4 Bg7 6. d3 e6 7. 0-0 Nge7 8. Qe1 Nd4 9. Nxd4 cxd4 10. Nd1 0-0 11. Bb3 a5 12. a4 Nc6 13. Qg3 Kh8 14. Nf2 Bd7 15. Bd2 Rc8 16. Rae1 Nb4 17. Bxb4 axb4 18. Nh3 h6 1/2-1/2

[Event "VIE-chT"]
[Site "Ho Chi Minh City"]
[Date "2017.07.28"]
[Round "7.31"]
[White "Nguyen, Thanh Tuong"]
[Black "Vu, Quang Quyen"]
[Result "0-1"]
[WhiteElo "1997"]
[BlackElo "2039"]
[PlyCount "128"]
[EventDate "2017.07.24"]
[EventType "team-swiss"]
[EventRounds "9"]
[EventCountry "VIE"]
[SourceTitle "EXT 2019"]
[Source "ChessBase"]
[SourceDate "2018.10.10"]
[SourceVersion "1"]
[SourceVersionDate "2018.10.10"]
[SourceQuality "1"]

1. e4 c5 2. Nf3 d6 3. d4 cxd4 4. Nxd4 Nf6 5. Nc3 g6 6. Be3 Bg7 7. Be2 0-0 8. 0-0 Nc6 9. f3 Qb6 10. Na4 Qa5 11. Nxc6 bxc6 12. Nc3 Rb8 13. Rb1 Nd7 14. Bd4 Ne5 15. a3 Be6 16. f4 c5 17. Bxe5 dxe5 18. f5 Rfd8 19. Qe1 Bc8 20. Nd5 Qxe1 21. Rfxe1 Kf8 22. fxg6 hxg6 23. b3 Bb7 24. Bc4 Bh6 25. Rbd1 e6 26. Nf6 Ke7 27. Rxd8 Rxd8 28. Ng4 Bd2 29. Re2 Bc3 30. h3 a5 31. a4 f6 32. Kh2 Rd4 33. Bd3 Bc6 34. Nf2 Bxa4 35. bxa4 c4 36. Re3 Bd2 37. Re2 Bb4 38. Re3 cxd3 39. Nxd3 Bd2 40. Re2 Bc3 41. Nc5 Rc4 42. Nb3 Rxa4 43. Re3 Rc4 44. Re2 a4 45. Nc1 Kd6 46. Na2 Kc5 47. Kg3 Ba5 48. Kf3 Rd4 49. Ke3 Kc4 50. Kf2 Rd1 51. c3 a3 52. Re1 Rxe1 53. Kxe1 Kb3 54. Nc1+ Kb2 55. Kd1 Bxc3 56. g4 g5 57. Nd3+ Kb1 58. Nc1 Bb4 59. Nb3 a2 60. Na1 Bc3 61. Nb3 Kb2 62. Na1 Kxa1 63. Kc1 Bd4 64. Kc2 Bb2 0-1

[Event "VIE-chT"]
[Site "Ho Chi Minh City"]
[Date "2017.07.28"]
[Round "8.19"]
[White "Nguyen, Van Toan Thanh"]
[Black "Vu, Quang Quyen"]
[Result "1/2-1/2"]
[WhiteElo "2039"]
[BlackElo "2039"]
[PlyCount "34"]
[EventDate "2017.07.24"]
[EventType "team-swiss"]
[EventRounds "9"]
[EventCountry "VIE"]
[SourceTitle "EXT 2019"]
[Source "ChessBase"]
[SourceDate "2018.10.10"]
[SourceVersion "1"]
[SourceVersionDate "2018.10.10"]
[SourceQuality "1"]

1. e4 c5 2. Nf3 d6 3. c3 Nf6 4. Bd3 Nc6 5. Bc2 g6 6. d3 Bg7 7. 0-0 0-0 8. Re1 b5 9. a3 a5 10. Nbd2 Bd7 11. Nf1 b4 12. Bd2 Qc7 13. Ne3 Rfb8 14. Bb3 Nd8 15. a4 Be6 16. Bxe6 Nxe6 17. c4 Re8 1/2-1/2

[Event "VIE-ch"]
[Site "Hanoi"]
[Date "2017.04.20"]
[Round "6"]
[White "Vu, Quang Quyen"]
[Black "Le, Huu Thai"]
[Result "0-1"]
[WhiteElo "2020"]
[BlackElo "2223"]
[PlyCount "82"]
[EventDate "2017.04.16"]
[EventType "swiss"]
[EventRounds "11"]
[EventCountry "VIE"]
[SourceTitle "CBM 178 Extra"]
[Source "ChessBase"]
[SourceDate "2017.06.22"]
[SourceVersion "1"]
[SourceVersionDate "2017.06.22"]
[SourceQuality "1"]

1. e4 e5 2. Nf3 Nc6 3. Bb5 Nf6 4. 0-0 Nxe4 5. d4 Nd6 6. Bxc6 dxc6 7. dxe5 Nf5 8. Qe2 Nd4 9. Nxd4 Qxd4 10. Rd1 Qg4 11. f3 Qg6 12. Be3 Be7 13. Nc3 0-0 14. Qf2 Re8 15. Rd2 b6 16. Ne2 f6 17. exf6 Bxf6 18. c3 c5 19. Nf4 Qf7 20. a4 Be5 21. g3 Bb7 22. a5 Bc6 23. Rad1 Ba4 24. Re1 Bb3 25. Nd3 Bd6 26. Kg2 Bd5 27. Bf4 Rxe1 28. Qxe1 g5 29. Ne5 Qe6 30. Bxg5 Bxe5 31. Re2 Qf5 32. Rxe5 Qxf3+ 33. Kh3 Qg2+ 34. Kg4 Bf3+ 35. Kf4 Bh5 36. Ke3 Rf8 37. Kd3 Bg6+ 38. Kc4 Qc6 39. Be7 Qa4+ 40. b4 a6 41. Qe2 Rf3 0-1

[Event "VIE-ch"]
[Site "Hanoi"]
[Date "2017.04.16"]
[Round "1"]
[White "Vu, Quang Quyen"]
[Black "Hoang, Canh Huan"]
[Result "1/2-1/2"]
[WhiteElo "2020"]
[BlackElo "2403"]
[PlyCount "54"]
[EventDate "2017.04.16"]
[EventType "swiss"]
[EventRounds "11"]
[EventCountry "VIE"]
[SourceTitle "CBM 178 Extra"]
[Source "ChessBase"]
[SourceDate "2017.06.22"]
[SourceVersion "1"]
[SourceVersionDate "2017.06.22"]
[SourceQuality "1"]

1. e4 Nf6 2. e5 Nd5 3. d4 d6 4. c4 Nb6 5. exd6 cxd6 6. Nc3 g6 7. Be3 Bg7 8. Rc1 0-0 9. b3 e5 10. dxe5 dxe5 11. c5 N6d7 12. Nf3 Nc6 13. Bb5 e4 14. Bxc6 bxc6 15. Nxe4 Ba6 16. Nd6 Nf6 17. Ne5 Qc7 18. Nec4 Nd5 19. 0-0 Nxe3 20. fxe3 f5 21. Rf3 Rad8 22. Qc2 Kh8 23. Rd1 Qe7 24. Na5 Qc7 25. Nac4 Qe7 26. a3 h5 27. Rff1 Bxc4 1/2-1/2

[Event "Ho Chi Minh Pooltech op"]
[Site "Ho Chi Minh City"]
[Date "2017.01.08"]
[Round "4"]
[White "Vu, Quang Quyen"]
[Black "Nguyen, Lam Thien"]
[Result "1-0"]
[WhiteElo "2034"]
[BlackElo "1700"]
[PlyCount "95"]
[EventDate "2017.01.07"]
[EventType "swiss"]
[EventRounds "9"]
[EventCountry "VIE"]
[SourceTitle "CBM 176 Extra"]
[Source "ChessBase"]
[SourceDate "2017.03.02"]
[SourceVersion "1"]
[SourceVersionDate "2017.03.02"]
[SourceQuality "1"]

1. e4 c5 2. c3 Nf6 3. e5 Nd5 4. Nf3 Nc6 5. Bc4 Nb6 6. Bb3 c4 7. Bc2 d5 8. d4 cxd3 9. Bxd3 Bg4 10. Bf4 e6 11. 0-0 Qc7 12. Re1 Nd7 13. Nbd2 Be7 14. h3 Bh5 15. Rc1 Bg6 16. Bxg6 hxg6 17. c4 Nb6 18. a3 Nxc4 19. Nxc4 dxc4 20. Rxc4 Qb6 21. Qc1 Rh5 22. b4 a6 23. Be3 Qb5 24. Bc5 a5 25. Bxe7 Nxe7 26. Rc5 Qb6 27. Re4 Kf8 28. bxa5 Rxa5 29. Rc8+ Nxc8 30. Qxc8+ Ke7 31. Rc4 Rd5 32. Rc7+ Qxc7 33. Qxc7+ Rd7 34. Qc8 f6 35. Qg8 fxe5 36. g4 Rxh3 37. Kg2 Rxf3 38. Kxf3 Rd3+ 39. Ke2 Rxa3 40. Qxg7+ Ke8 41. Qxb7 Rh3 42. Qg7 g5 43. Qg8+ Kd7 44. Qxg5 e4 45. Qg7+ Kc6 46. g5 Kd5 47. g6 e3 48. Qd7+ 1-0

[Event "Ho Chi Minh Pooltech op"]
[Site "Ho Chi Minh City"]
[Date "2017.01.07"]
[Round "3"]
[White "Nguyen, Minh Trong"]
[Black "Vu, Quang Quyen"]
[Result "0-1"]
[WhiteElo "1491"]
[BlackElo "2034"]
[PlyCount "72"]
[EventDate "2017.01.07"]
[EventType "swiss"]
[EventRounds "9"]
[EventCountry "VIE"]
[SourceTitle "CBM 176 Extra"]
[Source "ChessBase"]
[SourceDate "2017.03.02"]
[SourceVersion "1"]
[SourceVersionDate "2017.03.02"]
[SourceQuality "1"]

1. e4 e6 2. d3 d5 3. Nd2 Bc5 4. Ngf3 Nf6 5. Be2 dxe4 6. dxe4 Nbd7 7. 0-0 e5 8. c3 0-0 9. Qc2 a5 10. a4 Qe7 11. Nc4 b6 12. Bg5 Re8 13. Ncd2 h6 14. Bh4 Bb7 15. Bc4 Nf8 16. Bg3 Ng6 17. Rfe1 Bc6 18. Nh4 Nxh4 19. Bxh4 Rad8 20. Nf3 Bd6 21. Bg3 g5 22. h4 Nh5 23. Qe2 Nf4 24. Qc2 Kg7 25. Bxf4 gxf4 26. Qe2 Kh7 27. Kh2 Rg8 28. Rh1 Qf6 29. Rag1 Qg6 30. g3 Qg4 31. Bxf7 Rg7 32. Bc4 Kh8 33. Rg2 Bxe4 34. Ng5 Rxg5 35. hxg5 f3 36. Rgg1 Qh5# 0-1

[Event "VIE-ch"]
[Site "Bac Giang"]
[Date "2016.06.22"]
[Round "1"]
[White "Le, Chien Thang"]
[Black "Vu, Quang Quyen"]
[Result "0-1"]
[WhiteElo "1908"]
[BlackElo "2034"]
[PlyCount "100"]
[EventDate "2016.06.22"]
[EventType "swiss"]
[EventRounds "9"]
[EventCountry "VIE"]
[SourceTitle "EXT 2017"]
[Source "ChessBase"]
[SourceDate "2016.10.25"]
[SourceVersion "1"]
[SourceVersionDate "2016.10.25"]
[SourceQuality "1"]

1. e4 e6 2. d4 d5 3. Nc3 Bb4 4. e5 c5 5. a3 Bxc3+ 6. bxc3 Ne7 7. Nf3 Nbc6 8. Bd3 Bd7 9. 0-0 Qa5 10. Bd2 c4 11. Be2 0-0-0 12. Qb1 h6 13. Qa2 g5 14. Rfb1 Rdg8 15. a4 g4 16. Nh4 Nxd4 17. cxd4 Qxd2 18. Qa3 Nc6 19. Qd6 Qxd4 20. Re1 Qxe5 21. Qc5 Qd4 22. Qd6 Qf6 23. g3 Qe7 24. Qf4 h5 25. a5 Qc5 26. a6 b6 27. c3 e5 28. Qc1 f5 29. Bf1 Rh7 30. Qc2 Rf7 31. Rad1 f4 32. Bg2 f3 33. Bf1 Be6 34. Rc1 Kc7 35. Kh1 Rgg7 36. Kg1 Rf6 37. Kh1 Bg8 38. Nf5 Rd7 39. Ne3 Bh7 40. Qb2 Bd3 41. Kg1 e4 42. Red1 Ne5 43. Qa2 h4 44. Bxd3 exd3 45. Kf1 hxg3 46. hxg3 Rh7 47. Ke1 Rh2 48. Qb1 Qxe3+ 49. fxe3 Re2+ 50. Kf1 Rh6 0-1